| 000 | 00722nam a2200205 a 4500 | ||
|---|---|---|---|
| 003 | 0 | ||
| 005 | 20250203143805.0 | ||
| 008 | 130830s19uu xx 00 eng d | ||
| 050 |
_aPGS QP 701 _b.M397 2013 |
||
| 100 | _aMasilungan, Maia Isobel A. | ||
| 245 |
_aThe level of carbohydrates in different varieties in milk / _cMaia Isobel A. Masilungan. |
||
| 260 |
_aLas PiƱas City, Philippines : _bSouthville International School and Colleges, _c2013. |
||
| 300 |
_a26 p. : _bill. ; _c28 cm. |
||
| 504 | _aIncludes bibliographical references. | ||
| 650 |
_aCarbohydrates _vAnalysis. |
||
| 650 |
_aMilk _vComposition. |
||
| 650 |
_aMilk _vNutritional aspects. |
||
| 650 |
_aDairy products _vAnalysis. |
||
| 942 |
_2lcc _cPASS |
||
| 999 |
_c99057 _d99057 |
||